000 00500nam a2200181Ia 4500
001 14422
003 IN-NITTTR
005 20251114233135.0
008 251113s9999||||xx |||||||||||||| ||eng||
040 _beng
040 _cIN-NITTTR
041 _aeng
082 _a338.954558 Q62G
100 _aQureshi, M. H.
245 2 _aA geo-economic evaluation for micro level planning :
_b a case study of Gurgaon district /
_cQureshi, M. H., Mathur, Ashok
700 _a Mathur, Ashok
942 _2ddc
_cBK
999 _c17058
_d17058